Cotton Spinning Calculations (Record no. 2610)

MARC details
000 -LEADER
fixed length control field 00356nam a2200145Ia 4500
008 - FIXED-LENGTH DATA ELEMENTS--GENERAL INFORMATION
fixed length control field 191201s1998 xx 000 0 und d
082 ## - DEWEY DECIMAL CLASSIFICATION NUMBER
Classification number 677.02822
Item number TAC
100 ## - MAIN ENTRY--PERSONAL NAME
Personal name TYAGGART, William
245 #0 - TITLE STATEMENT
Title Cotton Spinning Calculations
250 ## - EDITION STATEMENT
Edition statement 1st
260 ## - PUBLICATION, DISTRIBUTION, ETC. (IMPRINT)
Place of publication, distribution, etc N.Delhi
Name of publisher, distributor, etc Navneet Prakashan
Date of publication, distribution, etc 1998
300 ## - PHYSICAL DESCRIPTION
Extent 353
650 ## - SUBJECT ADDED ENTRY--TOPICAL TERM
Topical term or geographic name as entry element B.Tech(TE)
942 ## - ADDED ENTRY ELEMENTS (KOHA)
Source of classification or shelving scheme Dewey Decimal Classification
Koha item type Text Books
Holdings
Withdrawn status Lost status Source of classification or shelving scheme Damaged status Not for loan Collection code Home library Current library Date acquired Source of acquisition Cost, normal purchase price Bill Number Total Checkouts Full call number Acc. no. / Barcode Date last seen Bill Date Koha item type Date last borrowed
    Dewey Decimal Classification     B.Tech(TE) PIET C-LIBRARY PIET C-LIBRARY 13/01/2007 Abhishek Publications 200.00 8030   677.02822 TAC 4371 04/12/2019 27/02/2006 Text Books  
    Dewey Decimal Classification     B.Tech(TE) PIET C-LIBRARY PIET C-LIBRARY 13/01/2007 Abhishek Publications 200.00 8030   677.02822 TAC 4372 04/12/2019 27/02/2006 Text Books  
    Dewey Decimal Classification     B.Tech(TE) PIET C-LIBRARY PIET C-LIBRARY 13/01/2007 Abhishek Publications 200.00 8030   677.02822 TAC 4373 04/12/2019 27/02/2006 Text Books  
    Dewey Decimal Classification     B.Tech(TE) PIET C-LIBRARY PIET C-LIBRARY 13/01/2007 Abhishek Publications 200.00 8030   677.02822 TAC 4374 04/12/2019 27/02/2006 Text Books  
    Dewey Decimal Classification     B.Tech(TE) PIET C-LIBRARY PIET C-LIBRARY 13/01/2007 Abhishek Publications 200.00 8030   677.02822 TAC 4375 04/12/2019 27/02/2006 Text Books  
    Dewey Decimal Classification     B.Tech(TE) PIET C-LIBRARY PIET C-LIBRARY 13/01/2007 Abhishek Publications 200.00 7986   677.02822 TAC 4600 04/12/2019 10/02/2006 Text Books  
    Dewey Decimal Classification     B.Tech(TE) PIET C-LIBRARY PIET C-LIBRARY 13/01/2007 Abhishek Publications 200.00 8030 1 677.02822 TAC 5442 29/01/2024 27/02/2006 Text Books 13/01/2024

Design & Developed by: PIET Central Library
R70 Miles Stone Pattikalyana Samalkha Panipat 132102
mail ID :- [email protected], Phone No:- 0180-2569700 Ex.216